00520nam a2200157Ia 450000500170000000800410001708200130005810000240007124500610009526000560015630000130021265000230022594200060024895200930025499900150034720241220023622.0240331s9999 xx 000 0 und d bKARa828 aKarunatilake, H.N.S 0aEnglish publications in Ceylon in the nineteenth century aDehiwalabSridevi Printers ( Private) Limitedc1989 a103 p ., aEnglish literature cL 001040708LaWERCLbWERCLcSSCd2024-03-31l0o 828 KARp10r2024-03-31w2024-03-31yL c3412d3412